00341 a2200121 450000100060000010000140000624500340002026000230005409000170007794200220009499900190011695200840013526186 aThomas P aDeath camps of the River Kwai abUnited Writersc c17665d17665 aNUST-CAEcMc8519 c261259d261259 001040708NFICaCAEbCAEd2017-04-03l0pCAE25744r2017-04-05w2017-04-05yBK